| 000 | 00454nam a2200181Ia 4500 | ||
|---|---|---|---|
| 005 | 20250603145233.0 | ||
| 008 | 250603s9999 xx 000 0 und d | ||
| 020 | _a9788122418101 | ||
| 050 | _aTC 158 .A83/ | ||
| 100 | _aAsawa, G. L. | ||
| 245 | 0 | _aLaboratory work in hydraulic engineering | |
| 260 | _aNew Delhi | ||
| 260 | _bNew Age International Limited, Publishers | ||
| 260 | _c2006 | ||
| 300 | _a193 p | ||
| 650 | _aNew Delhi | ||
| 942 | _cBK | ||
| 999 |
_c41276 _d41276 |
||